EFEKTIVNOST ŠLECHTĚNÍ SKOTU

Bibliographic Details
Main Authors: Přibyl, J. (Author), Přibylová, J. (Author)
Format: Article
Language:Czech
ISBN:807137279X

MARC

LEADER 00000naa a2200000uu 4500
001 vtls011084910
003 SK-MaSNL
005 20260302105052.0
008 220810|1996 xo |||||||||||||||||cze|
015 |a SNBRA 
035 |a (urnnbn)urn:nbn:sk:snk:ar-a0cllj 
035 |a (uuid)b4a5b30c-155a-4da9-b0a9-3a7c8d12a14c 
035 |a urn:nbn:sk:snk-aavrhl 
040 |a SNKBUCL  |b slo  |c SNKBUCL  |e AACR2 
041 0 |a cze 
044 |a xo  |c SK 
100 1 |a Přibyl, J.  |4 aut  |9 772896 
245 1 0 |a EFEKTIVNOST ŠLECHTĚNÍ SKOTU  |c J. Přibyl, J. Přibylová 
700 1 |a Přibylová, J.  |4 aut  |9 772897 
773 0 |t Zborník z medzinárodnej vedeckej konferencie "Agronomická fakulta a vývoj poľnohospodárstva na Slovensku"  |d Nitra : Vysoká škola poľnohospodárska, 1996  |g S. 78-83  |z 807137279X 
954 |a odborná, vedecká literatúra cudzojazyčná (svetová)  |2 lita 
958 |a OND 
958 |a article12 
958 |a chapter 
999 |c 1237293  |d 1239223